000 00645nam a2200205 a 4500
001 0000002618
005 20140825164018.0
008 820723s1981 tnua 00110 eng
020 _a0835804291 (pbk.)
035 _a 81052215
040 _aPUL
100 1 0 _aWillimon, William H.
245 1 0 _aSunday dinner :
_bthe Lord's Supper and the Christian life /
_cWilliam H. Willimon ; [educational introduction by John Westerhoff, III].
260 0 _aNashville, Tenn. :
_bUpper Room,
_c1981.
300 _a128 p. :
_bill. ;
_c22 cm.
500 _aIncludes indexes.
650 0 _aLord's Supper.
908 _a050217
050 _aBV825.2
_b.W54 1981
999 _c2530
_d2530